Państwa, które znajdowały się w obecnych granicach Polski - Statystyki

Ogólne statystyki
  • Ten quiz został rozwiązany 404 razy
  • Średni wynik to 9 z 15
Statystyki odpowiedzi
Hint Odpowiedź % Poprawnych
Największy wróg Polski w historii Rosja
99%
Państwo to brało udział w każdym z czterech rozbiorów Niemcy
97%
Nigdy nie mieli dostępu do morza Czechy
82%
Część składowa RON Litwa
80%
Ma flagę o tych samych barwach co Polska Austria
77%
;) Polska
77%
Było twórca państwa z poprzedniej odpowiedzi Prusy
67%
Największy wróg Polskiego nacjonalisty Ukraina
66%
Dla wielu spadkobierca Wielkiego Księstwa Litewskiego Białoruś
62%
1410 Krzyżacy
52%
Region ten do wszystkich 3 państw "z którymi graniczy" Śląsk
31%
Jego stolicą był Stettin Pomorze
29%
Jej stolicą obecnie jest stolicą Niemiec Brandenburgia
20%
Rzeczpospolita ... (Podać nazwę jako rzeczownik) Kraków
9%
Jedno z byłych terytoriów spornych między Polską a Niemcami Wielkopolska
8%
Nie znaleziono quizów pasujących do podanych kryteriów
Rozkład punktacji
Procent ludzi z każdym wynikiem
Percentyl według liczby udzielonych odpowiedzi
Twoja historia wyników
Nie rozwiązałeś tego quizu